Paper weigt. (Registro nro. 3263)
[ vista simple ]
| 000 -LEADER | |
|---|---|
| fixed length control field | 01129nam a2200193 a 4500 |
| 008 - CAMPO DE CONTROL (LIBRO) | |
| fixed length control field | 180918t2015 sp |||g||||| 001 1 spa d |
| 020 ## - INTERNATIONAL STANDARD BOOK NUMBER | |
| ISBN | 9789876129879 |
| 041 ## - CODIGO DE IDIOMA | |
| Código de idioma del texto/pista de sonido o título separado | spa |
| 092 ## - SIGNATURA TOPOGRAFICA DEWEY LOCAL | |
| número de clasificación | 808 |
| libristica | 32 |
| sección | HAS |
| 100 1# - ENTRADA PRINCIPAL--NOMBRE PERSONAL | |
| Nombre personal | Haston, Meg |
| 9 (RLIN) | 4312 |
| 245 ## - TITULO PROPIAMENTE DICHO | |
| Título | Paper weigt. |
| Subtítulo y Título paralelo | ¿Cuál es el peso de la culpa? / |
| Mención de responsabilidad y remanente de la transcripción de la portada | Meg Haston |
| 250 ## - MENCION DE EDICION | |
| Mención de edición | 1a ed. |
| Mención de responsabilidad relacionada con la ed. | Traducción Belén Sánchez Parodi |
| 260 ## - PIE DE IMPRENTA | |
| Lugar de publicación, distribución, etc | Buenos Aires: |
| Nombre de la editorial, distribuidor, etc | V&R editoras; |
| Fecha de publicación | 2015. |
| 300 ## - DESCRIPCION FISICA | |
| Extension | 336 p. |
| Dimensiones | 21x14 cm. |
| 500 ## - NOTA GENERAL | |
| Nota general | Haston, M. (2015). Paper weight. ¿Cuál es el peso de la culpa?. (1a ed.). Buenos Aires : V&R editoras. |
| 505 ## - NOTA DE CONTENIDO | |
| Nota de contenido formateada | ¿Cuál es el precio de enfrentar el pasado?. Stevie está atrapada: en su vida, en su cuerpo. Y ahora, en un centro de rehabilitación para jóvenes con problemas alimenticios. Pero lo que es aún peor, está atrapada en el pasado. A 27 días de que se cumpla un año de la muerte de su hermano, todo en su vida parece empeorar. Pero, tal vez, en 27 días pueda solucionar las cosas. Tal vez, en 27 días pueda quitarse ese gran peso que la acompaña a todas partes y así terminar con todo. |
| 655 ## - MATERIA - GENERO/FORMA | |
| Género/Forma | Literatura |
| -- | 2917 |
| 942 ## - ADDED ENTRY ELEMENTS (KOHA) | |
| Source of classification or shelving scheme | Dewey Decimal Classification |
| Item type | LITERATURA |
| Estado de retiro | Existencia | Fuente de clasificación | Estado general | No para prestamo | Ubicación permanente | ubicación actual | Sala de ubicación | Fecha de adquisición | Fuente de adquisición | Total Checkouts | Total Renewals | Número de clasificación | Código de barras | Date last seen | Date last borrowed | Número de ejemplar | Price effective from | Koha tipo de elemento (item) | Public note | Coded location qualifier |
|---|---|---|---|---|---|---|---|---|---|---|---|---|---|---|---|---|---|---|---|---|
| Dewey Decimal Classification | Biblioteca Medicina | Biblioteca Medicina | Circulación | 14/05/2025 | Donación Mayo 2025, Hernández, Maria José. | 1 | 1 | 808 32 HAS | 5022 | 06/03/2026 | 20/11/2025 | Ej. 1 | 14/05/2025 | LITERATURA | Donación Mayo 2025, Hernández, Maria José. Sede Tordos |